Young people and work (Record no. 1394590)

MARC details
000 -LEADER
fixed length control field 00651nam a2200217Ia 4500
005 - DATE AND TIME OF LATEST TRANSACTION
control field 20250508165338.0
008 - FIXED-LENGTH DATA ELEMENTS--GENERAL INFORMATION
fixed length control field 008 250505s9999 xx 000 0 eng d
020 ## - INTERNATIONAL STANDARD BOOK NUMBER
International Standard Book Number 978-93-80607-98-6
037 ## - SOURCE OF ACQUISITION
Stock number Reference
040 ## - CATALOGING SOURCE
Original cataloging agency FEDL
Language of cataloging eng
Transcribing agency FEDL
041 ## - LANGUAGE CODE
Language code of text/sound track or separate title eng
Source of code eng
084 ## - COLON CLASSIFICATION NUMBER
Classification number 331.34, PRI/RR
Assigning agency FEDL
100 ## - MAIN ENTRY--PERSONAL NAME
Personal name Price Robin Ed.
9 (RLIN) 780562
245 #0 - TITLE STATEMENT
Title Young people and work
260 ## - PUBLICATION, DISTRIBUTION, ETC.
Place of publication, distribution, etc. Farnham, England
Name of publisher, distributor, etc. Ashgate Publishing Limited
Date of publication, distribution, etc. 2011
300 ## - PHYSICAL DESCRIPTION
Extent xviii, 291p.
365 ## - TRADE PRICE
Price type code GBP
Price amount 70
700 ## - ADDED ENTRY--PERSONAL NAME
Personal name McDonald Paula Ed. Bailey Janis and others Ed.
9 (RLIN) 780563
942 ## - ADDED ENTRY ELEMENTS (KOHA)
Koha item type Reference
Classification part 331.34, PRI/RR
Holdings
Withdrawn status Lost status Damaged status Not for loan Home library Current library Date acquired Cost, normal purchase price Total Checkouts Full call number Barcode Date last seen Price effective from Koha item type
        Department of Education Library Department of Education Library 2025-05-08 70.00   331.34, PRI/RR EL0088229 2025-05-08 2025-05-08 Reference
Copyright @ Delhi University Library System